| 000 | 01211nam a22002897a 4500 | ||
|---|---|---|---|
| 001 | 9992 | ||
| 003 | FISKH | ||
| 005 | 20260324155716.0 | ||
| 008 | 260324b cb ||||| |||| 00| 0 eng d | ||
| 020 | _a9780375854927 | ||
| 040 |
_aFISKH _beng _cFISKH _dFISKH |
||
| 050 | _aPZ7 | ||
| 082 | _a176 | ||
| 100 |
_aBerrios, Frank _eAuthor |
||
| 245 |
_aIron Man armored adventures : _bDeep freeze / _cBy Frank Berrios ; illustrated by Michael Borkowski ; based on the original teleplay "Cold War," by Eugene Son |
||
| 260 |
_aNew York : _bRandom House , _c2009 |
||
| 300 |
_a24 unnumbered pages : _bcolor illustrations ; _c21 cm |
||
| 490 |
_aIron Man : _vArmored adventures |
||
| 505 | _aN | ||
| 520 | _aIn addition to the pressures of school, teenager Tony Stark must deal with the duties of being a superhero--the invincible Iron Man! And he's got plenty to worry about now that the frosty villain called Blizzard has come to town. Iron Man will have dress for the cold . . . or get put on ice permanently. | ||
| 521 | 8 |
_a550
_bLexile estimate |
|
| 521 | 8 |
_aN
_bRaz-Plus |
|
| 650 |
_aChildren's book _vComic |
||
| 700 |
_aBorkowski, Michael _eIllustrator |
||
| 942 |
_2ddc _cBK _n0 |
||
| 999 |
_c9992 _d9992 |
||